Loading...
| History - Other History | 2 | 1 | 0 | 0 | 40 | 42 | 56.00 | 1 | 3 |
| History - European History | 3 | 0 | 1 | 0 | 40 | 44 | 51.33 | 1 | 3 |
| Social Science | 0 | 1 | 0 | 1 | 10 | 130 | 130.00 | 0 | 0 |
| Fine Arts - Visual Fine Arts | 0 | 1 | 0 | 1 | 10 | 152 | 152.00 | 0 | 0 |
| Philosophy | 0 | 1 | 0 | 1 | 10 | 129 | 129.00 | 0 | 0 |
| Literature - British Literature | 0 | 1 | 0 | 0 | 10 | 101 | 101.00 | 0 | 1 |
| Science - Other Science | 0 | 1 | 0 | 0 | 10 | 105 | 105.00 | 0 | 0 |
| Science - Chemistry | 0 | 1 | 1 | 0 | 5 | 92 | 92.00 | 0 | 1 |
| Mythology | 0 | 0 | 1 | 0 | -5 | 0.00 | 0 | 0 | |
| Fine Arts - Other Fine Arts | 0 | 0 | 1 | 0 | -5 | 0.00 | 0 | 0 | |
| Science - Biology | 0 | 0 | 1 | 0 | -5 | 0.00 | 0 | 0 |